[Event "5th Ordu Open 2019"]
[Site "Ordu"]
[Date "2019.05.04"]
[Round "8.2"]
[White "Isik, Alparslan"]
[Black "Mosadeghpour, Masoud"]
[Result "1-0"]
[WhiteElo "2233"]
[BlackElo "2514"]
[Annotator "ChessBase"]
[PlyCount "141"]
[EventDate "2019.04.29"]
[EventType "swiss"]
[EventCountry "TUR"]
[SourceTitle "playchess.com"]
[Source "ChessBase"]
[SourceQuality "1"]
[TimeControl "5400+30"]

1. Nf3 {[%emt 0:00:30]} Nf6 {[%emt 0:11:30]} 2. c4 {[%emt 0:00:00]} e6 {[%emt 0:00:30]} 3. d4 {[%emt 0:00:00]} d5 {[%emt 0:00:30]} 4. Nc3 {[%emt 0:00:30]} Be7 {[%emt 0:00:00]} 5. Bf4 {[%emt 0:00:00]} O-O {[%emt 0:00:00]} 6. e3 {[%emt 0:00:00]} b6 {[%emt 0:00:30]} 7. Bd3 {[%emt 0:01:30]} Bb7 {[%emt 0:01:30]} 8. cxd5 {[%emt 0:00:30]} exd5 {[%emt 0:00:30]} 9. Ne5 {[%emt 0:01:30]} Nbd7 {[%emt 0:01:30]} 10. O-O {[%emt 0:03:30]} c5 {[%emt 0:05:30]} 11. Qf3 {[%emt 0:02:30]} a6 {[%emt 0:05:30]} 12. Bf5 {[%emt 0:04:30]} cxd4 {[%emt 0:19:30]} 13. Nxd7 {[%emt 0:09:30]} Nxd7 {[%emt 0:02:30]} 14. Nxd5 {[%emt 0:05:30]} Ne5 {[%emt 0:08:30]} 15. Nxe7+ {[%emt 0:09:30]} Qxe7 {[%emt 0:00:30]} 16. Bxh7+ {[%emt 0:00:00]} Kxh7 {[%emt 0:00:00]} 17. Qh5+ {[%emt 0:00:00]} Kg8 {[%emt 0:00:00]} 18. Qxe5 {[%emt 0:00:00]} Qxe5 {[%emt 0:00:30]} 19. Bxe5 {[%emt 0:00:00]} dxe3 {[%emt 0:00:30]} 20. fxe3 {[%emt 0:00:00]} Rfe8 {[%emt 0:00:30]} 21. Bd4 {[%emt 0:01:00]} b5 {[%emt 0:00:30]} 22. Rf4 {[%emt 0:04:30]} f6 {[%emt 0:00:30]} 23. g4 {[%emt 0:05:30]} Re4 {[%emt 0:10:30]} 24. Rxe4 {[%emt 0:02:30]} Bxe4 {[%emt 0:00:30]} 25. Rc1 {[%emt 0:00:30]} Bd5 {[%emt 0:00:00]} 26. Rc7 {[%emt 0:02:30]} Bxa2 {[%emt 0:02:00]} 27. g5 {[%emt 0:01:30]} Re8 {[%emt 0:00:00]} 28. gxf6 {[%emt 0:01:30]} gxf6 {[%emt 0:00:00]} 29. Rc6 {[%emt 0:00:00]} Re6 {[%emt 0:01:30]} 30. Rxe6 {[%emt 0:02:00]} Bxe6 {[%emt 0:00:30]} 31. Bxf6 {[%emt 0:00:30]} Kf7 {[%emt 0:00:30]} 32. Bd8 {[%emt 0:00:30]} b4 {[%emt 0:05:30]} 33. e4 {[%emt 0:04:30]} b3 {[%emt 0:00:30]} 34. Kf2 {[%emt 0:01:30]} Bg4 {[%emt 0:02:30]} 35. Kg3 {[%emt 0:00:30]} Bh5 {[%emt 0:00:30]} 36. Kf4 {[%emt 0:00:30]} Ke6 {[%emt 0:00:30]} 37. h4 {[%emt 0:00:30]} Bg6 {[%emt 0:00:30]} 38. Ba5 {[%emt 0:00:30]} Bh5 {[%emt 0:00:30]} 39. Bc3 {[%emt 0:00:30]} Bd1 {[%emt 0:00:30]} 40. Ke3 {[%emt 0:00:30]} Bh5 {[%emt 0:01:30]} 41. Kd4 {[%emt 0:06:30]} Bd1 {[%emt 0:00:30]} 42. Kc5 {[%emt 0:01:30]} Bf3 {[%emt 0:00:30]} 43. Kd4 {[%emt 0:08:30]} Bd1 {[%emt 0:00:30]} 44. Ke3 {[%emt 0:00:00]} Bh5 {[%emt 0:00:30]} 45. Kf4 {[%emt 0:00:00]} Bd1 {[%emt 0:00:30]} 46. Kg5 {[%emt 0:00:00]} Bc2 {[%emt 0:00:30]} 47. e5 {[%emt 0:00:00]} Kf7 {[%emt 0:02:26]} 48. h5 {[%emt 0:00:00]} Bd3 {[%emt 0:04:48]} 49. Kh6 {[%emt 0:01:00]} Bc4 {[%emt 0:00:22]} 50. Bb4 {[%emt 0:00:30]} Bd5 {[%emt 0:02:01]} 51. Kg5 {[%emt 0:00:30]} Be4 {[%emt 0:01:01]} 52. Kf4 {[%emt 0:00:00]} Bc2 {[%emt 0:00:42]} 53. Ke3 {[%emt 0:00:00]} Ke6 {[%emt 0:03:49]} 54. Kd4 {[%emt 0:01:30]} Bd1 {[%emt 0:04:25]} 55. h6 {[%emt 0:00:30]} Bc2 {[%emt 0:00:30]} 56. Ba5 {[%emt 0:00:30]} Bh7 {[%emt 0:00:38]} 57. Bc7 {[%emt 0:00:00]} Bg8 {[%emt 0:00:45]} 58. Kc5 {[%emt 0:00:00]} Kd7 {[%emt 0:01:04]} 59. Bd6 {[%emt 0:00:30]} Bh7 {[%emt 0:03:42]} 60. Kb4 {[%emt 0:00:30]} Bg8 {[%emt 0:01:42]} 61. Ka5 {[%emt 0:00:00]} Bh7 {[%emt 0:00:19]} 62. Kxa6 {[%emt 0:00:00]} Bg8 {[%emt 0:00:44]} 63. Kb5 {[%emt 0:00:00]} Bh7 {[%emt 0:00:20]} 64. Kc4 {[%emt 0:00:00]} Bg8+ {[%emt 0:00:00]} 65. Kc3 {[%emt 0:00:30]} Kc6 {[%emt 0:00:06]} 66. Bb8 {[%emt 0:00:00]} Kd7 {[%emt 0:00:15]} 67. Kb4 {[%emt 0:00:00]} Ke7 {[%emt 0:00:14]} 68. Bd6+ {[%emt 0:01:30]} Kd7 {[%emt 0:00:35]} 69. Bf8 {[%emt 0:00:00]} Ke8 {[%emt 0:00:42]} 70. Bg7 {[%emt 0:00:00]} Kd7 {[%emt 0:00:00]} 71. e6+ {[%emt 0:00:00]} 1-0

[Event "5th Ordu Open 2019"]
[Site "Ordu"]
[Date "2019.05.04"]
[Round "8.3"]
[White "Annaberdiev, Meilis"]
[Black "Klekowski, Maciej"]
[Result "1-0"]
[WhiteElo "2531"]
[BlackElo "2502"]
[Annotator "TA"]
[PlyCount "151"]
[EventDate "2019.04.29"]
[EventType "swiss"]
[EventCountry "TUR"]
[SourceTitle "playchess.com"]
[Source "ChessBase"]
[SourceQuality "1"]

{[%evp 15,151,21,23,21,23,12,24,11,14,21,38,30,95,0,112,-27,-17,-8,-18,-10,-8,-34,0,0,0,0,0,0,30,8,16,0,21,13,15,9,23,21,23,3,23,28,26,29,37,35,36,12,23,15,21,0,0,0,20,2,13,4,10,9,34,34,34,25,34,25,35,0,17,0,25,25,60,0,0,8,39,30,44,0,107,103,114,99,104,102,210,206,345,345,339,347,341,333,339,335,331,331,898,534,528,494,429,465,1439,1435,2371,2758,1371,1107,993,0,1008,802,761,461,460,431,438,416,391,368,410,408,1017,1016,1016,1000,964,901,843,844,889,860,843,801,29988,29989]} 1. e4 c5 2. c3 Nf6 3. e5 Nd5 4. d4 cxd4 5. Nf3 Nc6 6. cxd4 d6 7. Bc4 e6 8. O-O Be7 9. Bd2 {B22: Sicilian: 2 c3} (9. Qe2 O-O 10. a3 Bd7 11. exd6 Bxd6 12. Nc3 Nce7 13. Ne4 Bc6 14. Ne5 Rc8 15. Rd1 Bb8 16. Ng5 Be8 17. Bd3 Nf6 18. Ngf3 Ned5 19. Bd2 a6 20. Rac1 Rxc1 21. Rxc1 Qb6 22. Nc4 Qd8 23. Nce5 Qb6 24. Nc4 Qd8 {½-½ (24) Vachier Lagrave,M (2789)-Caruana,F (2816) Leuven 2018}) 9... O-O 10. Nc3 Nb6 11. Bb3 {White has an edge.} d5 12. Bc2 Bd7 13. Qb1 $146 ({Predecessor:} 13. h4 Nc4 14. Bc1 Rc8 15. h5 Qb6 {½-½ (45) Salgado Lopez,I (2602)-Pena Gomez,M (2412) Badajoz 2013}) 13... Nc4 (13... h6 $11 {keeps the balance.}) 14. Bxh7+ $16 Kh8 {[#] ...Nxd4! is the strong threat.} 15. Bd3 (15. Bc1 $1 $16) 15... Nxd2 $11 16. Nxd2 Nxd4 17. Qd1 f5 18. Ne2 (18. Nf3 {feels hotter.} Nxf3+ 19. Qxf3 Bc5 20. Rac1 Rc8 21. Qg3) 18... Nxe2+ 19. Qxe2 Bc5 20. Rac1 Rc8 21. Nf3 g6 22. Qd2 Kg7 23. h4 Qe7 24. Qf4 Bb6 25. a3 a6 26. Qg3 Rh8 27. Rxc8 Bxc8 28. Rc1 {Strongly threatening h5!} Bd7 29. Ng5 Rc8 30. Rxc8 Bxc8 31. Nh3 {Threatening Nf4.} Bd8 32. Nf4 Qf7 33. Nh5+ Kh8 34. Nf4 Kg7 35. b4 Bd7 36. Be2 Kh7 37. Nh3 Bb5 38. Bxb5 axb5 39. Nf4 Qe8 40. Qc3 Qd7 41. Qg3 Qe8 42. Qc3 Qd7 43. g3 Kg7 44. Qc5 ({White should play} 44. Qc1 $14) 44... Kf7 $1 45. Ne2 Bc7 46. Qe3 Kg8 47. Qg5 (47. Qh6 $5 {[%cal Rh6g6]} Bxe5 48. Qxg6+ Kf8 49. Qg5 $14) 47... Kh7 (47... Qf7 $11 {remains equal.}) 48. h5 $16 gxh5 49. Qxh5+ Kg7 50. Qg5+ Kf8 {[#]} (50... Kh7 $16) 51. Qh6+ $1 $18 (51. Nf4 Qf7 $14) 51... Qg7 (51... Kg8 $142) 52. Qxe6 {[%mdl 64] Double Attack} Qxe5 53. Nf4 {Threatening mate with Ng6+.} Qa1+ 54. Kg2 Bxf4 55. Qxf5+ (55. gxf4 Qg7+ 56. Kf3 Qc3+ 57. Qe3 Qxe3+ 58. Kxe3 Ke7 $11) 55... Ke7 56. Qxf4 {[%mdl 4096] Endgame KQ-KQ} ({Weaker is} 56. gxf4 Qd1 $16) 56... d4 $2 (56... Qxa3 57. Qe5+ {[%mdl 64] Double Attack} Kf8 58. Qb8+ (58. Qxd5 Qxb4 59. f4 Qb2+ 60. Kg1 b4 $11) 58... Kg7 59. Qxb7+ Kf6 60. Qxb5 Qb3) 57. Qe5+ Kd7 58. Qxb5+ Kc7 59. Qe5+ Kc8 (59... Kd7 $142 60. Qb8 Qc3 61. Qxb7+ Ke6 62. Qb6+ Kf5 63. Qa5+ Kf6) 60. b5 Qc3 61. Qe6+ Kd8 62. Qd6+ Kc8 63. Qe6+ Kd8 {If Black can now play ...d3 this consolidates a bit.} 64. Qf6+ Ke8 65. a4 Qc4 66. Qe5+ Kd7 {If only Black now had time for ...d3....} 67. Qe4 Kc7 68. Qe7+ Kb6 69. Qd8+ Kc5 (69... Ka7 $142 70. g4 Qc3) 70. Qc7+ Kb4 71. Qxb7 d3 72. b6 {[%cal Bb5b6,Bb6b7][%mdl 32]} d2 73. Qf3 Qc3 74. Qd5 Kxa4 75. b7 Qb4 76. Qa2+ {Accuracy: White = 58%, Black = 43%.} 1-0

[Event "5th Ordu Open 2019"]
[Site "Ordu"]
[Date "2019.05.04"]
[Round "8.4"]
[White "Barski, Radoslaw"]
[Black "Haznedaroglu, Kivanc"]
[Result "1-0"]
[WhiteElo "2462"]
[BlackElo "2466"]
[Annotator "ChessBase"]
[PlyCount "63"]
[EventDate "2019.04.29"]
[EventType "swiss"]
[EventCountry "TUR"]
[SourceTitle "playchess.com"]
[Source "ChessBase"]
[SourceQuality "1"]
[TimeControl "5400+30"]

1. e4 {[%emt 0:00:30]} c6 {[%emt 0:00:30]} 2. d4 {[%emt 0:00:30]} d5 {[%emt 0:00:00]} 3. e5 {[%emt 0:00:30]} Bf5 {[%emt 0:00:00]} 4. h4 {[%emt 0:00:30]} h5 {[%emt 0:00:00]} 5. Bd3 {[%emt 0:01:30]} Bxd3 {[%emt 0:00:00]} 6. Qxd3 {[%emt 0:00:30]} e6 {[%emt 0:00:30]} 7. Bg5 {[%emt 0:00:30]} Be7 {[%emt 0:00:00]} 8. Nf3 {[%emt 0:00:30]} Nh6 {[%emt 0:00:00]} 9. Bxh6 {[%emt 0:08:30]} Rxh6 {[%emt 0:00:00]} 10. Nc3 {[%emt 0:01:30]} Nd7 {[%emt 0:06:00]} 11. O-O-O {[%emt 0:16:30]} c5 {[%emt 0:09:30]} 12. dxc5 {[%emt 0:01:30]} Nxc5 {[%emt 0:00:30]} 13. Qe3 {[%emt 0:00:30]} Rg6 {[%emt 0:03:30]} 14. Ng5 {[%emt 0:03:30]} Qc7 {[%emt 0:10:30]} 15. Kb1 {[%emt 0:17:30]} a6 {[%emt 0:05:30]} 16. f4 {[%emt 0:01:30]} Rc8 {[%emt 0:11:30]} 17. f5 {[%emt 0:04:30]} exf5 {[%emt 0:00:30]} 18. Nxd5 {[%emt 0:00:30]} Qc6 {[%emt 0:00:00]} 19. Nxe7 {[%emt 0:02:30]} Kxe7 {[%emt 0:00:00]} 20. Rd6 {[%emt 0:02:30]} Qxg2 {[%emt 0:02:30]} 21. Rg1 {[%emt 0:00:00]} Qh2 {[%emt 0:00:30]} 22. Rxg6 {[%emt 0:23:14]} fxg6 {[%emt 0:00:30]} 23. Nf3 {[%emt 0:00:00]} Qh3 {[%emt 0:00:30]} 24. Qg5+ {[%emt 0:00:00]} Kd7 {[%emt 0:03:30]} 25. Qd2+ {[%emt 0:00:00]} Ke8 {[%emt 0:06:30]} 26. Qd5 {[%emt 0:00:03]} f4 {[%emt 0:00:30]} 27. Qg8+ {[%emt 0:00:52]} Kd7 {[%emt 0:00:30]} 28. Qf7+ {[%emt 0:01:26]} Kc6 {[%emt 0:00:30]} 29. Rxg6+ {[%emt 0:06:00]} Kb5 {[%emt 0:00:30]} 30. Nd4+ {[%emt 0:00:00]} Ka5 {[%emt 0:00:30]} 31. a3 {[%emt 0:00:00]} Qe3 {[%emt 0:03:30]} 32. Qc4 {[%emt 0:02:10]} 1-0

[Event "5th Ordu Open 2019"]
[Site "Ordu"]
[Date "2019.05.04"]
[Round "8.7"]
[White "Neverov, Valeriy"]
[Black "Olcum, Ahmet"]
[Result "0-1"]
[WhiteElo "2495"]
[BlackElo "2300"]
[Annotator "ChessBase"]
[PlyCount "102"]
[EventDate "2019.04.29"]
[EventType "swiss"]
[EventCountry "TUR"]
[SourceTitle "playchess.com"]
[Source "ChessBase"]
[SourceQuality "1"]
[TimeControl "5400+30"]

1. d4 {[%emt 0:03:30]} d6 {[%emt 0:01:30]} 2. e4 {[%emt 0:00:30]} Nf6 {[%emt 0:00:30]} 3. Nc3 {[%emt 0:01:30]} Nbd7 {[%emt 0:00:30]} 4. Nge2 {[%emt 0:09:30]} c5 {[%emt 0:07:30]} 5. g3 {[%emt 0:05:30]} g6 {[%emt 0:03:30]} 6. Bg2 {[%emt 0:01:30]} Bg7 {[%emt 0:00:00]} 7. O-O {[%emt 0:02:30]} O-O {[%emt 0:00:00]} 8. a4 {[%emt 0:01:30]} cxd4 {[%emt 0:02:30]} 9. Nxd4 {[%emt 0:00:30]} Nc5 {[%emt 0:00:30]} 10. Re1 {[%emt 0:07:30]} Bg4 {[%emt 0:04:30]} 11. f3 {[%emt 0:04:30]} Bd7 {[%emt 0:00:30]} 12. Be3 {[%emt 0:00:30]} Qa5 {[%emt 0:04:30]} 13. Qb1 {[%emt 0:14:30]} Ne6 {[%emt 0:14:30]} 14. Nce2 {[%emt 0:02:30]} Rfc8 {[%emt 0:05:30]} 15. c3 {[%emt 0:01:30]} Nxd4 {[%emt 0:05:30]} 16. cxd4 {[%emt 0:02:30]} d5 {[%emt 0:04:30]} 17. b4 {[%emt 0:09:30]} Qd8 {[%emt 0:03:30]} 18. e5 {[%emt 0:01:30]} Bf5 {[%emt 0:01:30]} 19. Qb3 {[%emt 0:00:30]} Bc2 {[%emt 0:02:30]} 20. Qa2 {[%emt 0:04:30]} Ne8 {[%emt 0:02:30]} 21. Nf4 {[%emt 0:01:30]} Bh6 {[%emt 0:12:30]} 22. Nxd5 {[%emt 0:09:02]} Bxe3+ {[%emt 0:01:30]} 23. Nxe3 {[%emt 0:00:09]} Qxd4 {[%emt 0:00:30]} 24. e6 {[%emt 0:01:10]} f6 {[%emt 0:01:36]} 25. Kh1 {[%emt 0:00:51]} Bd3 {[%emt 0:01:06]} 26. Rad1 {[%emt 0:01:16]} Rd8 {[%emt 0:11:34]} 27. Bf1 {[%emt 0:09:25]} Qxb4 {[%emt 0:00:10]} 28. Nd5 {[%emt 0:00:40]} Rxd5 {[%emt 0:00:07]} 29. Qxd5 {[%emt 0:00:30]} Bc2 {[%emt 0:00:21]} 30. Rc1 {[%emt 0:02:31]} Bxa4 {[%emt 0:00:23]} 31. Rb1 {[%emt 0:00:29]} Qc3 {[%emt 0:00:22]} 32. Bb5 {[%emt 0:01:47]} Bxb5 {[%emt 0:05:43]} 33. Qxb5 {[%emt 0:00:07]} Qxf3+ {[%emt 0:00:00]} 34. Kg1 {[%emt 0:00:01]} Nd6 {[%emt 0:00:17]} 35. Qd7 {[%emt 0:00:27]} Kf8 {[%emt 0:00:19]} 36. Rbd1 {[%emt 0:01:29]} Qc3 {[%emt 0:03:37]} 37. Rc1 {[%emt 0:00:45]} Qd4+ {[%emt 0:00:07]} 38. Kh1 {[%emt 0:00:42]} a5 {[%emt 0:00:13]} 39. Red1 {[%emt 0:00:02]} Qe4+ {[%emt 0:00:36]} 40. Kg1 {[%emt 0:00:03]} Qe3+ {[%emt 0:00:54]} 41. Kg2 {[%emt 0:00:54]} Qe2+ {[%emt 0:00:10]} 42. Kg1 {[%emt 0:00:22]} a4 {[%emt 0:00:37]} 43. Rf1 {[%emt 0:00:31]} Qe3+ {[%emt 0:00:23]} 44. Kg2 {[%emt 0:00:38]} Qe4+ {[%emt 0:00:01]} 45. Kh3 {[%emt 0:00:17]} f5 {[%emt 0:01:04]} 46. Rf4 {[%emt 0:00:33]} Qe2 {[%emt 0:01:34]} 47. Rc7 {[%emt 0:00:32]} Re8 {[%emt 0:00:19]} 48. Rxa4 {[%emt 0:00:25]} g5 {[%emt 0:00:34]} 49. Ra1 {[%emt 0:00:37]} h6 {[%emt 0:00:44]} 50. Rh1 {[%emt 0:00:32]} g4+ {[%emt 0:00:39]} 51. Kh4 {[%emt 0:00:14]} Qe3 {[%emt 0:00:00]} 0-1

[Event "5th Ordu Open 2019"]
[Site "Ordu"]
[Date "2019.05.04"]
[Round "8.12"]
[White "Bolkvadze, Tedo"]
[Black "Kvikvinia, Teimuraz"]
[Result "1/2-1/2"]
[WhiteElo "1588"]
[BlackElo "1592"]
[Annotator "NA"]
[PlyCount "144"]
[EventDate "2019.04.29"]
[EventType "swiss"]
[EventCountry "TUR"]
[SourceTitle "playchess.com"]
[Source "ChessBase"]
[SourceQuality "1"]
[TimeControl "5400+30"]

1. d4 {[%emt 0:30:30]} Nf6 {[%emt 0:30:30]} 2. c4 {[%emt 0:00:00]} e6 {[%emt 0:00:30]} 3. g3 {[%emt 0:00:00]} b6 {[%emt 0:00:30]} 4. Bg2 {[%emt 0:00:30]} c6 {[%emt 0:00:00]} 5. e4 {[%emt 0:00:30]} d5 {[%emt 0:03:00]} 6. e5 {[%emt 0:02:30]} Nfd7 {[%emt 0:01:30]} 7. Ne2 {[%emt 0:00:30]} Ba6 {[%emt 0:00:30]} 8. cxd5 {[%emt 0:02:30]} cxd5 {[%emt 0:02:30]} 9. O-O {[%emt 0:00:30]} Be7 {[%emt 0:00:30]} 10. Nbc3 {[%emt 0:01:30]} Nc6 {[%emt 0:02:30]} 11. Be3 {[%emt 0:04:30]} O-O {[%emt 0:03:30]} 12. Qa4 {[%emt 0:04:30]} Bb7 {[%emt 0:03:30]} 13. f4 {[%emt 0:00:30]} Kh8 {[%emt 0:18:30]} 14. f5 {[%emt 0:01:30]} Bg5 {[%emt 0:01:30]} 15. Bxg5 {[%emt 0:04:30]} Qxg5 {[%emt 0:00:30]} 16. Rf4 {[%emt 0:00:30]} Qe7 {[%emt 0:02:30]} 17. Raf1 {[%emt 0:01:30]} a6 {[%emt 0:00:30]} 18. f6 {[%emt 0:02:30]} gxf6 {[%emt 0:00:30]} 19. exf6 {[%emt 0:00:00]} Qd8 {[%emt 0:01:30]} 20. Qc2 {[%emt 0:01:00]} Rg8 {[%emt 0:00:30]} 21. Rh4 {[%emt 0:00:30]} Nf8 {[%emt 0:00:30]} 22. Rh6 {[%emt 0:01:30]} Rg6 {[%emt 0:02:30]} 23. Qd2 {[%emt 0:00:30]} Nb8 {[%emt 0:01:30]} 24. Rxg6 {[%emt 0:03:30]} Nxg6 {[%emt 0:00:30]} 25. h4 {[%emt 0:00:00]} Qg8 {[%emt 0:02:30]} 26. h5 {[%emt 0:03:00]} Nf8 {[%emt 0:00:30]} 27. Bh3 {[%emt 0:00:30]} Nfd7 {[%emt 0:02:43]} 28. Qh6 {[%emt 0:01:30]} Qf8 {[%emt 0:01:01]} 29. Qg5 {[%emt 0:00:30]} Qg8 {[%emt 0:01:25]} 30. Qh4 {[%emt 0:00:30]} h6 {[%emt 0:00:04]} 31. Rf4 {[%emt 0:00:30]} Qg5 {[%emt 0:00:22]} 32. Qxg5 {[%emt 0:04:30]} hxg5 {[%emt 0:00:04]} 33. Rf2 {[%emt 0:00:30]} Nc6 {[%emt 0:01:09]} 34. Nxd5 {[%emt 0:05:30]} Nxd4 {[%emt 0:00:22]} 35. Nxd4 {[%emt 0:00:30]} Bxd5 {[%emt 0:00:58]} 36. Bg2 {[%emt 0:00:30]} Bxg2 {[%emt 0:01:56]} 37. Kxg2 {[%emt 0:00:00]} Kh7 {[%emt 0:03:25]} 38. g4 {[%emt 0:02:00]} Kh6 {[%emt 0:00:52]} 39. Kh3 {[%emt 0:03:41]} Rc8 {[%emt 0:00:36]} 40. Rd2 {[%emt 0:03:08]} Nxf6 {[%emt 0:00:44]} 41. Nf3 {[%emt 0:03:11]} Nd5 {[%emt 0:00:38]} 42. Ne5 {[%emt 0:00:30]} f6 {[%emt 0:00:18]} 43. Ng6 {[%emt 0:02:35]} Kg7 {[%emt 0:00:58]} 44. Re2 {[%emt 0:00:52]} e5 {[%emt 0:02:40]} 45. Rd2 {[%emt 0:01:00]} Rd8 {[%emt 0:01:21]} 46. Rc2 {[%emt 0:00:30]} e4 {[%emt 0:01:23]} 47. Kg3 {[%emt 0:00:09]} Re8 {[%emt 0:00:58]} 48. a3 {[%emt 0:01:54]} a5 {[%emt 0:01:45]} 49. Rc1 {[%emt 0:01:41]} Kf7 {[%emt 0:00:51]} 50. Rd1 {[%emt 0:00:30]} Rd8 {[%emt 0:01:46]} 51. Re1 {[%emt 0:05:28]} e3 {[%emt 0:00:30]} 52. Kf3 {[%emt 0:00:00]} Rc8 {[%emt 0:01:21]} 53. Rd1 {[%emt 0:00:25]} Rd8 {[%emt 0:00:12]} 54. Re1 {[%emt 0:00:05]} Rc8 {[%emt 0:00:49]} 55. Rd1 {[%emt 0:00:02]} Rd8 {[%emt 0:01:07]} 56. Re1 {[%emt 0:00:30]} Re8 {[%emt 0:00:00]} 57. Rd1 {[%emt 0:01:09]} e2 {[%emt 0:00:36]} 58. Re1 {[%emt 0:00:13]} Re3+ {[%emt 0:00:25]} 59. Kf2 {[%emt 0:00:12]} b5 {[%emt 0:01:23]} 60. Rxe2 {[%emt 0:00:39]} Rxe2+ {[%emt 0:00:30]} 61. Kxe2 {[%emt 0:00:04]} a4 {[%emt 0:00:42]} 62. Kd3 {[%emt 0:03:40]} Nb6 {[%emt 0:00:44]} 63. Nh8+ {[%emt 0:00:30]} Kg7 {[%emt 0:00:10]} 64. Ng6 {[%emt 0:00:00]} Kf7 {[%emt 0:00:42]} 65. Nh8+ {[%emt 0:00:51]} Kg7 {[%emt 0:00:19]} 66. Ng6 {[%emt 0:00:14]} Kf7 {[%emt 0:00:00]} 67. Kc3 {[%emt 0:01:07]} Nc4 {[%emt 0:00:30]} 68. Nh8+ {[%emt 0:00:00]} Kg7 {[%emt 0:00:00]} 69. Ng6 {[%emt 0:00:09]} Kf7 {[%emt 0:00:25]} 70. Nh8+ {[%emt 0:00:30]} Kg7 {[%emt 0:00:30]} 71. Ng6 {[%emt 0:00:30]} Kf7 {[%emt 0:00:30]} 72. Nh8+ {[%emt 0:00:00]} Kg7 {[%emt 0:00:00]} 1/2-1/2

[Event "5th Ordu Open 2019"]
[Site "Ordu"]
[Date "2019.05.04"]
[Round "8.13"]
[White "Caymaz, Umit Oguz"]
[Black "Dikilitas, Beren"]
[Result "1/2-1/2"]
[WhiteElo "1442"]
[BlackElo "1364"]
[Annotator "NA"]
[PlyCount "49"]
[EventDate "2019.04.29"]
[EventType "swiss"]
[EventCountry "TUR"]
[SourceTitle "playchess.com"]
[Source "ChessBase"]
[SourceQuality "1"]
[TimeControl "5400+30"]

1. c4 {[%emt 0:30:30]} g6 {[%emt 0:30:30]} 2. d4 {[%emt 0:00:30]} Bg7 {[%emt 0:00:30]} 3. Nf3 {[%emt 0:01:30]} Nf6 {[%emt 0:00:30]} 4. Nc3 {[%emt 0:01:30]} O-O {[%emt 0:01:30]} 5. e4 {[%emt 0:01:30]} d6 {[%emt 0:00:30]} 6. h3 {[%emt 0:00:00]} e5 {[%emt 0:01:30]} 7. dxe5 {[%emt 0:06:00]} dxe5 {[%emt 0:00:30]} 8. Bg5 {[%emt 0:01:30]} c6 {[%emt 0:01:30]} 9. Qc2 {[%emt 0:01:30]} Qc7 {[%emt 0:04:30]} 10. Bd3 {[%emt 0:01:30]} Na6 {[%emt 0:00:30]} 11. a3 {[%emt 0:00:30]} Nc5 {[%emt 0:03:30]} 12. O-O {[%emt 0:01:30]} Nh5 {[%emt 0:12:30]} 13. b4 {[%emt 0:06:30]} Ne6 {[%emt 0:02:30]} 14. h4 {[%emt 0:10:30]} Nhf4 {[%emt 0:04:30]} 15. Rfd1 {[%emt 0:03:30]} h6 {[%emt 0:02:30]} 16. Bxf4 {[%emt 0:00:30]} Nxf4 {[%emt 0:01:30]} 17. Bf1 {[%emt 0:03:30]} Bg4 {[%emt 0:04:30]} 18. Ne2 {[%emt 0:13:16]} Bxf3 {[%emt 0:05:48]} 19. gxf3 {[%emt 0:00:25]} Qe7 {[%emt 0:01:13]} 20. c5 {[%emt 0:04:20]} Qxh4 {[%emt 0:05:09]} 21. Rd6 {[%emt 0:00:54]} Qg5+ {[%emt 0:01:50]} 22. Ng3 {[%emt 0:01:22]} Nh5 {[%emt 0:04:24]} 23. Qc1 {[%emt 0:02:09]} Qh4 {[%emt 0:04:45]} 24. Nxh5 {[%emt 0:01:37]} gxh5 {[%emt 0:00:05]} 25. Bc4 {[%emt 0:01:18]} 1/2-1/2

[Event "5th Ordu Open 2019"]
[Site "Ordu"]
[Date "2019.05.05"]
[Round "9.1"]
[White "Mgeladze, Tamaz"]
[Black "Pacher, Milan"]
[Result "1/2-1/2"]
[WhiteElo "2396"]
[BlackElo "2396"]
[Annotator "TA"]
[PlyCount "21"]
[EventDate "2019.04.29"]
[EventType "swiss"]
[EventCountry "TUR"]
[SourceTitle "playchess.com"]
[Source "ChessBase"]
[SourceQuality "1"]

{[%evp 13,21,25,33,0,-4,0,6,-13,-4,-21]} 1. c4 Nf6 2. g3 e6 3. Bg2 d5 4. Nf3 dxc4 5. Qa4+ Nbd7 6. Qxc4 a6 ({Predecessor:} 6... c5 7. Qc2 b6 8. Nc3 Bb7 9. O-O a6 {½-½ (10) Suslova,A (2200)-Stetsko,L (2201) Cheliabinsk 2017}) 7. Qc2 c5 8. a4 $146 {A13: English Opening: 1...e6} (8. O-O b6 9. d4 Bb7 10. Nc3 cxd4 11. Nxd4 Bxg2 12. Kxg2 Bc5 13. Rd1 Qc8 14. e4 O-O 15. Qe2 Qb7 16. f3 Ne5 17. Bf4 {0-1 (40) Matlakov,M (2700)-Duda,J (2738) St Petersburg 2018}) 8... b6 {The position is equal.} 9. O-O Bb7 10. Nc3 Bd6 11. d3 1/2-1/2